000 00686nam a2200229Ia 4500
003 OSt
005 20251216121241.0
008 210716s1993 xx 000 0 und d
020 _a8172241771
040 _cAIMIT LIBRARY
041 _aeng
082 _a006.37
_21
_bMORS
100 _aMorris, Stephen.
_9249228
245 _aStep by step visual basic /
_cBy Stephen Morris.
250 _a1st ed.
260 _aNew Delhi :
_bJaico Publishing House .
_c1993.
300 _a291p. ;
_bPB
_c22 cm
650 _aForms controls properties and modules
_9249229
650 _aCoding the events
_9249230
650 _aChanging menus at run time
_9249231
942 _2ddc
_cBK
_e1st
_k006.37 MORS
999 _c182833
_d182833